000
00268nam a2200097Ia 4500
001
719745
005
20250826163049.0
008
250824s9999 xx 000 0 und d
245
0
_a
KAVALİER VE CLAY İN AKIL ALMAZ MACERALARI
_c
MICHAEL CHABON
260
_b
EVEREST YAYINLARI
999
_c
719745
_d
719745